| 000 | 01015nam a2200277 i 4500 | ||
|---|---|---|---|
| 003 | DO-SdBNP | ||
| 005 | 20250526132649.0 | ||
| 007 | ta | ||
| 008 | 220823e2000 dr ||||gr|||| 001 hdspa d | ||
| 040 |
_aDO-SdBNP _bspa _cBNPHU _erda |
||
| 082 | 4 |
_axxx _bR457a _222 |
|
| 100 |
_aMoní Reyes, Ceferino, _d1943- _eautor _4aut. _957142 |
||
| 245 | 1 | 0 |
_aAnécdotas puramente micheras. / _cCeferino Moní Reyes ; prólogo, Rafael Peralta Romero |
| 264 | 4 |
_aSanto Domingo : _bPérez Gimo, _c©2022. |
|
| 300 |
_a135 páginas ; _c21 cm. |
||
| 336 |
_atexto _btxt _2rdacontent |
||
| 337 |
_asin mediación _bn _2rdamedia |
||
| 338 |
_avolumen _bnc _2rdacarrier |
||
| 500 | _aIncluye datos biográficos del autor en la contracubierta. | ||
| 590 | _aInventariado 2022 / MF | ||
| 650 | 4 |
_976626 _aAnécdotas, chistes, sátiras, etc. _v _zMiches, República Dominicana |
|
| 650 | 4 |
_98943 _aRelatos _xRepública Dominicana |
|
| 700 | 1 |
_aPeralta Romero, Rafael, _d1948- _eprologuista _4pr. _979774 |
|
| 910 | _aMFeliz | ||
| 942 |
_2ddc _cLBS1 |
||
| 999 |
_c52307 _d52307 |
||